000
00296nam a2200133Ia 4500
008
191201s2006 xx 000 0 und d
100
_a
PITTS, Robert
245
0
_a
Strategic Management
250
_a
4th
260
_a
N.Delhi
_b
Thomson
_c
2006
300
_a
538
650
_a
MBA
942
_2
ddc
_c
BK
999
_c
3093
_d
3093